[Event "Mittelrhein Verbandsliga-W 16/17"]
[Site "Nordrheinwestfalen"]
[Date "2016.09.11"]
[Round "1.8"]
[White "Huppertz, Franz Josef"]
[Black "Gerhards, Juergen"]
[Result "1-0"]
[WhiteElo "1701"]
[BlackElo "1718"]
[PlyCount "83"]
[EventDate "2016.09.11"]
[EventType "team-tourn"]
[EventRounds "11"]
[EventCountry "GER"]
[SourceTitle "EXT 2022"]
[Source "ChessBase"]
[SourceDate "2021.10.06"]
[SourceVersion "1"]
[SourceVersionDate "2021.10.06"]
[SourceQuality "1"]
[WhiteTeam "Eschweiler SC"]
[BlackTeam "Lendersdorf"]
[WhiteTeamCountry "GER"]
[BlackTeamCountry "GER"]

1. d4 d5 2. Nf3 Nf6 3. Bf4 Nc6 4. e3 g6 5. c3 Bg7 6. Nbd2 0-0 7. Be2 e6 8. Ne5 Nxe5 9. Bxe5 Nd7 10. Bxg7 Kxg7 11. f4 Qh4+ 12. g3 Qh3 13. Bf1 Qf5 14. g4 Qf6 15. h4 c5 16. Nf3 b6 17. Bb5 Qe7 18. g5 Bb7 19. Qe2 a6 20. Bd3 cxd4 21. cxd4 Rac8 22. a3 a5 23. Qh2 f5 24. gxf6+ Nxf6 25. h5 Rh8 26. Qg2 Ne4 27. Ne5 Qf6 28. Bxe4 dxe4 29. Kd2 Rc7 30. hxg6 h6 31. Rac1 Qe7 32. Nf7 Rxc1 33. Rxc1 Rc8 34. Rxc8 Bxc8 35. Qxe4 Bb7 36. Qe5+ Kxg6 37. Nd6 Bc6 38. f5+ Kh7 39. f6 Qf8 40. Qxe6 Qg8 41. Qe7+ Kh8 42. f7 1-0

[Event "Mittelrhein Verbandsliga-W 15/16"]
[Site "Nordrheinwestfalen"]
[Date "2016.01.10"]
[Round "6.6"]
[White "Gerhards, Juergen"]
[Black "Lentzen, Markus"]
[Result "0-1"]
[WhiteElo "1764"]
[BlackElo "1758"]
[PlyCount "42"]
[EventDate "2015.09.06"]
[EventType "team-tourn"]
[EventRounds "11"]
[EventCountry "GER"]
[SourceTitle "EXT 2022"]
[Source "ChessBase"]
[SourceDate "2021.10.06"]
[SourceVersion "1"]
[SourceVersionDate "2021.10.06"]
[SourceQuality "1"]
[WhiteTeam "Lendersdorf"]
[BlackTeam "Dueren Derichsweiler"]
[WhiteTeamCountry "GER"]
[BlackTeamCountry "GER"]

1. e4 c6 2. f4 d5 3. e5 e6 4. Nf3 c5 5. d4 cxd4 6. Nxd4 Nc6 7. c3 Nge7 8. Bd3 Qb6 9. Na3 Nxd4 10. cxd4 Nc6 11. Nc2 Bd7 12. Be3 Nb4 13. Nxb4 Bxb4+ 14. Kf2 Bb5 15. Bxb5+ Qxb5 16. Qb3 a6 17. Rac1 Kd7 18. Rc2 Rac8 19. Rhc1 Rc6 20. Rxc6 bxc6 21. Bd2 Bxd2 0-1

[Event "Mittelrhein Verbandsliga-W 1112"]
[Site "Germany"]
[Date "2011.12.11"]
[Round "4.7"]
[White "Scheffler, Dieter"]
[Black "Gerhards, Juergen"]
[Result "1/2-1/2"]
[WhiteElo "1834"]
[BlackElo "1813"]
[PlyCount "98"]
[EventDate "2011.09.18"]
[EventType "team-tourn"]
[EventRounds "11"]
[EventCountry "GER"]
[SourceTitle "EXT 2013"]
[Source "ChessBase"]
[SourceDate "2012.11.22"]
[SourceVersion "1"]
[SourceVersionDate "2012.11.22"]
[SourceQuality "1"]
[WhiteTeam "Uebach Palenberg"]
[BlackTeam "Lendersdorf"]
[WhiteTeamCountry "GER"]
[BlackTeamCountry "GER"]

1. e4 e5 2. Bc4 Nf6 3. d4 exd4 4. e5 Qe7 5. Qe2 Ng8 6. Nf3 Nc6 7. 0-0 d6 8. Re1 dxe5 9. Nxe5 Nxe5 10. Qxe5 Qxe5 11. Rxe5+ Ne7 12. b3 Bf5 13. Ba3 Bxc2 14. Nd2 Rd8 15. Rae1 Rd7 16. Ne4 Bxe4 17. R5xe4 d3 18. Bxd3 Rxd3 19. Bxe7 Bxe7 20. Rxe7+ Kd8 21. Rxf7 Re8 22. Kf1 Rd7 23. Rxd7+ Kxd7 24. Rxe8 Kxe8 25. Ke2 Ke7 26. Ke3 Ke6 27. Ke4 c5 28. f4 g6 29. g4 b5 30. a4 a6 31. f5+ gxf5+ 32. gxf5+ Kd6 33. f6 bxa4 34. bxa4 c4 35. Kd4 Ke6 36. Kxc4 Kxf6 37. Kc5 Ke6 38. Kb6 Kd6 39. Kxa6 Kc6 40. Ka5 Kc5 41. Ka6 Kc6 42. a5 h5 43. h4 Kc7 44. Kb5 Kb7 45. Kc5 Ka6 46. Kd5 Kxa5 47. Ke5 Kb6 48. Kf5 Kc7 49. Kg5 Kd8 1/2-1/2

[Event "Mittelrhein Verbandsliga-W 1112"]
[Site "Germany"]
[Date "2011.10.09"]
[Round "2.8"]
[White "Gerhards, Juergen"]
[Black "Burg, Albert"]
[Result "1-0"]
[WhiteElo "1813"]
[BlackElo "1679"]
[PlyCount "53"]
[EventDate "2011.09.18"]
[EventType "team-tourn"]
[EventRounds "11"]
[EventCountry "GER"]
[SourceTitle "EXT 2013"]
[Source "ChessBase"]
[SourceDate "2012.11.22"]
[SourceVersion "1"]
[SourceVersionDate "2012.11.22"]
[SourceQuality "1"]
[WhiteTeam "Lendersdorf"]
[BlackTeam "Pulheim"]
[WhiteTeamCountry "GER"]
[BlackTeamCountry "GER"]

1. d4 Nf6 2. Nc3 g6 3. e4 d6 4. f4 Bg7 5. Nf3 Bg4 6. h3 Bxf3 7. Qxf3 Nc6 8. Bb5 a6 9. Bxc6+ bxc6 10. e5 Nd5 11. Nxd5 cxd5 12. Qxd5 dxe5 13. Qc6+ Kf8 14. fxe5 Rb8 15. d5 Rb6 16. Qc4 e6 17. 0-0 h5 18. Rb1 Bh6 19. Bxh6+ Rxh6 20. Rf6 Rh7 21. b4 Qd7 22. Rbf1 Rc6 23. Qd3 Ke8 24. a4 Rb6 25. a5 Rb5 26. Qf3 c6 27. Rxg6 1-0